书目信息 |
| 题名: |
配送管理实务
|
|
| 作者: | 王丽娟 主编 | |
| 分册: | ||
| 出版信息: | 北京 中国财富出版社 2014 |
|
| 页数: | 164页 | |
| 开本: | 26cm | |
| 丛书名: | ||
| 单 册: | ||
| 中图分类: | F252.14 | |
| 科图分类: | ||
| 主题词: | 物资配送--物资管理--高等职业教育--教材 | |
| 电子资源: | ||
| ISBN: | 978-7-5047-5050-1 | |
| 000 | 00825nam0 2200241 450 | |
| 001 | 338761 | |
| 005 | 20150603152304.09 | |
| 010 | @a978-7-5047-5050-1@dCNY25.00 | |
| 100 | @a20140320d2014 em y0chiy50 ea | |
| 101 | 0 | @achi |
| 102 | @aCN@b110000 | |
| 105 | @aa z 000yy | |
| 106 | @ar | |
| 200 | 1 | @a配送管理实务@Apei song guan li shi wu@f王丽娟主编 |
| 210 | @a北京@c中国财富出版社@d2014 | |
| 215 | @a164页@c图@d26cm | |
| 300 | @a“十二五”高等职业教育物流专业工学结合系列教材 | |
| 330 | @a本书以配送作业的工作内容和配送管理各岗位设置为载体进行课程安排, 系统地讲述了备货作业、理货作业、送货作业和配送管理总体规划四个项目。 | |
| 606 | 0 | @a物资配送@x物资管理@x高等职业教育@j教材 |
| 690 | @aF252.14@v5 | |
| 701 | 0 | @a王丽娟@Awang li juan@f(1977)@4主编 |
| 801 | 0 | @aCN@b卓展宏图@c20150525 |
| 905 | @dF252.14@e228@f4 | |
| 配送管理实务/王丽娟主编.-北京:中国财富出版社,2014 |
| 164页:图;26cm |
| “十二五”高等职业教育物流专业工学结合系列教材 |
| ISBN 978-7-5047-5050-1:CNY25.00 |
| 本书以配送作业的工作内容和配送管理各岗位设置为载体进行课程安排, 系统地讲述了备货作业、理货作业、送货作业和配送管理总体规划四个项目。 |
| ● |
| 相关链接 |
|
|
|
|
正题名:配送管理实务
索取号:F252.14/228
 
预约/预借
| 序号 | 登录号 | 条形码 | 馆藏地/架位号 | 状态 | 备注 |
| 1 | 860419 | 208604198 | 第一样本阅览室/ [索取号:F252.14/228] | 在馆 | |
| 2 | 860420 | 208604205 | 第一借阅区/ [索取号:F252.14/228] | 在馆 | |
| 3 | 860421 | 208604214 | 第一借阅区/ [索取号:F252.14/228] | 在馆 | |
| 4 | 860422 | 208604223 | 密集书库-海洋学院/ [索取号:F252.14/228] | 在馆 |